[Event "Zagreb zt (Women)"]
[Site "Zagreb"]
[Date "1993.??.??"]
[Round "2"]
[White "Klinova, Masha"]
[Black "Tsifanskaya, Ludmila A"]
[Result "1/2-1/2"]
[WhiteElo "2215"]
[BlackElo "2235"]

1.e4 c5 2.Nf3 Nc6 3.Bb5 g6 4.O-O Bg7 5.Bxc6 bxc6 6.Re1 f6 7.c3 Nh6 8.d4 cxd4
9.cxd4 O-O 10.b3 d6 11.Bb2 e5 12.Nbd2 Nf7 13.Qc2 Bd7 14.Rad1 exd4 15.Nxd4 Rc8
16.N4f3 d5 17.Qc5 Qb6 18.Bd4 Qxc5 19.Bxc5 Rfe8 20.exd5 cxd5 21.Bxa7 Ra8 22.Bd4 Rxa2
23.Rxe8+ Bxe8 24.Nb1 Ne5 25.Nc3 Nxf3+ 26.gxf3 Rb2 27.Nxd5  1/2-1/2

[Event "Zagreb zt (Women)"]
[Site "Zagreb"]
[Date "1993.??.??"]
[Round "4"]
[White "Puljek Salai, Zorica"]
[Black "Tsifanskaya, Ludmila A"]
[Result "1/2-1/2"]
[WhiteElo "2185"]
[BlackElo "2235"]

1.e4 c5 2.Nf3 Nc6 3.Bb5 g6 4.O-O Bg7 5.c3 Nf6 6.Qe2 O-O 7.Rd1 a6 8.Bxc6 dxc6
9.d4 cxd4 10.cxd4 Qa5 11.h3 Qb5 12.Qe3 Rd8 13.Nc3 Qh5 14.Bd2 h6 15.Ne2 Qb5
16.a4 Qb6 17.a5 Qb5 18.Nc3 Qh5 19.Na4 g5 20.Nb6 Rb8 21.Bb4 Re8 22.Ne5 g4
23.Nxc8 Rbxc8 24.hxg4 Nxg4 25.Nxg4 Qxg4 26.Bc5 Kh8 27.Rd3 Rcd8 28.Rad1 Rd7
29.Bb6 Rd6 30.Qf3 Qxf3 31.Rxf3 Kg8 32.Rdd3 e5 33.d5 cxd5 34.Rxd5 Rxd5 35.exd5 Re7
36.d6 Rd7 37.Bc7 f6 38.Rb3 Bf8 39.Rxb7 Bxd6 40.Rb8+ Kf7 41.Bxd6 Rxd6 42.Kf1 h5
43.Ke2 Rd5 44.b4 Rd4 45.Rb6 Kg6 46.g3 Kf5 47.Rxa6 Rxb4 48.Ra8 h4 49.gxh4 Rxh4
50.a6 Ra4 51.a7 Ra3 52.f3 Kf4 53.Rf8 Rxa7  1/2-1/2

[Event "Zalaegerszeg"]
[Site "Zalaegerszeg"]
[Date "1993.??.??"]
[Round "5"]
[White "Baumegger, Siegfried"]
[Black "Meszaros, Andras"]
[Result "0-1"]
[WhiteElo "2260"]
[BlackElo "2390"]

1.e4 c5 2.Nf3 Nc6 3.Bb5 g6 4.O-O Nf6 5.Re1 Bg7 6.c3 O-O 7.d4 d5 8.e5 Ne4
9.Bxc6 bxc6 10.Nbd2 Nxd2 11.Nxd2 cxd4 12.cxd4 c5 13.Nb3 c4 14.Nc5 Bf5 15.b3 Rc8
16.Bf4 Qa5 17.g4 Be6 18.Bg5 Rxc5 19.dxc5 Qxc5 20.bxc4 dxc4 21.Qe2 c3 22.Rac1 Rc8
23.Qe3 Qb4 24.h3 c2 25.Qxa7 Bf8 26.Re2 Bxg4 27.hxg4 Qxg4+ 28.Kf1 Qh3+ 29.Ke1 e6
30.Qb7 Rc4 31.Rcxc2 Bb4+ 32.Bd2 Qh4 33.Bxb4 Rxb4 34.Qc8+ Kg7 35.Qc3 h5 36.Re3 Qh1+
37.Ke2 Rb1 38.Rg3 Qf1+ 39.Kf3 h4 40.Rg4 h3 41.Qc4 Qh1+ 42.Ke3 h2 43.Rh4 Qe1+
44.Re2 h1=Q 45.Rxh1 Qxh1 46.Qf4 Qc1+ 47.Kf3 Qc6+ 48.Qe4 Qb6 49.Qe3 Qd8 50.Qe4 Rh1
51.Rc2 Qg5 52.Rc4 Qh5+ 53.Qg4 Qxe5 54.Qd4 Rh3+ 55.Kg4 Qxd4+ 56.Rxd4 Ra3 57.Rd2 e5
58.Rc2 Kh6  0-1

[Event "Zalakaros op"]
[Site "Zalakaros"]
[Date "1993.??.??"]
[Round "3"]
[White "Tompa, Janos"]
[Black "Amrein, Roland"]
[Result "1-0"]
[WhiteElo "2435"]
[BlackElo "2190"]

1.e4 c5 2.Nf3 Nc6 3.Bb5 d6 4.O-O Bd7 5.Re1 Nf6 6.c3 a6 7.Bf1 Bg4 8.h3 Bxf3
9.Qxf3 e5 10.Na3 d5 11.exd5 Qxd5 12.Nc4 Qxf3 13.gxf3 O-O-O 14.Nxe5 Nxe5 15.Rxe5 Bd6
16.Re1 Rhe8 17.Rd1 Nd5 18.d4 Kb8 19.Bc4 Nb6 20.Bxf7 Rf8 21.dxc5 Rxf7 22.Rxd6 Rxd6
23.cxd6 Nc4 24.b3 Nxd6 25.Be3 Rxf3 26.Kg2 Rf5 27.Rd1 Kc7 28.c4 Kc6 29.Rd4 Rh5
30.Bf4 Nf5 31.Rd8 Rh4 32.Rc8+ Kb6 33.Bc7+ Ka7 34.c5 a5 35.Bb6+ Ka6 36.a4  1-0

[Event "Zalakaros op"]
[Site "Zalakaros"]
[Date "1993.??.??"]
[Round "9"]
[White "Tompa, Janos"]
[Black "Seres, Lajos"]
[Result "1-0"]
[WhiteElo "2435"]
[BlackElo "2280"]

1.e4 c5 2.Nf3 Nc6 3.Bb5 g6 4.O-O Bg7 5.c3 Nf6 6.Qe2 O-O 7.e5 Ne8 8.d4 cxd4
9.cxd4 Nc7 10.Ba4 d6 11.Rd1 Bg4 12.h3 Bxf3 13.Qxf3 Ne6 14.Qe3 Qa5 15.Nc3 Ncxd4
16.Rxd4 Nxd4 17.Qxd4 Qxe5 18.Qxe5 Bxe5 19.Bd2 e6 20.Re1 Rfc8 21.Kf1 a6 22.Bb3 Bg7
23.f4 b5 24.g4 a5 25.Nxb5 a4 26.Bd1 d5 27.b3 a3 28.Be3 Bb2 29.Na7 Rc7 30.Nb5 Rc6
31.Nd4 Rc3 32.Nb5 Rcc8 33.Na7 Rd8 34.Bc5 d4 35.Bf3 Rab8 36.Nc6 Rb5 37.Bxa3 Bc3
38.Nxd8 Bxe1 39.Kxe1 Ra5 40.Bb2 Rxa2 41.Bxd4  1-0

[Event "Zillertal op"]
[Site "Zillertal"]
[Date "1993.??.??"]
[Round "?"]
[White "Glek, Igor V"]
[Black "Rabiega, Robert"]
[Result "1-0"]
[WhiteElo "2545"]
[BlackElo "2420"]

1.e4 c5 2.Nf3 Nc6 3.Bb5 g6 4.O-O Bg7 5.Re1 e5 6.Bxc6 dxc6 7.d3 Qe7 8.a3 Nf6
9.b4 O-O 10.bxc5 Qxc5 11.a4 Re8 12.Ba3 Qa5 13.Nbd2 Be6 14.Ng5 Nd7 15.Nxe6 Rxe6
16.Nc4 Qc7 17.Qd2 b5 18.Ne3 Nb6 19.axb5 cxb5 20.Qa5 Qc6 21.Rab1 a6 22.c4 Qd7
23.Nd5 Nxd5 24.exd5 Ree8 25.d6 Bf8 26.c5 Rac8 27.Re2 Rc6 28.Rbe1 Qf5 29.d4 e4
30.d5 e3  1-0

[Event "Zillertal op"]
[Site "Zillertal"]
[Date "1993.??.??"]
[Round "?"]
[White "Kveinys, Aloyzas"]
[Black "Lanka, Zigurds"]
[Result "1/2-1/2"]
[WhiteElo "2555"]
[BlackElo "2545"]

1.e4 c5 2.Nf3 Nc6 3.Bb5 g6 4.O-O Bg7 5.c3 Nf6 6.Re1 O-O 7.d4 cxd4 8.cxd4 d5
9.e5 Ne4 10.Bxc6 bxc6 11.Nbd2 Bf5 12.Nf1 f6 13.exf6 exf6 14.Ng3 Bg4 15.Nxe4 dxe4
16.Rxe4 f5 17.Re3 Bxf3 18.Rxf3 Qxd4 19.Rd3 Qc4  1/2-1/2

[Event "Zuerich op"]
[Site "Zuerich"]
[Date "1993.??.??"]
[Round "?"]
[White "Vianin, Pascal"]
[Black "Lendwai, Reinhard"]
[Result "0-1"]
[WhiteElo "2180"]
[BlackElo "2425"]

1.e4 c5 2.Nf3 Nc6 3.Bb5 g6 4.Bxc6 dxc6 5.O-O Bg4 6.h3 Bxf3 7.Qxf3 Bg7 8.Nc3 Nf6
9.d3 O-O 10.Re1 Ne8 11.Be3 b6 12.a4 Nc7 13.Ra2 a5 14.Ne2 Qd7 15.Bd2 Rad8
16.Bc3 e5 17.Qg3 Qe6 18.b3 Qd6 19.Qh4 Ne6 20.Raa1 Rde8 21.Rf1 Nd4 22.Nxd4 cxd4
23.Bd2 f5 24.f3 Bf6 25.Qe1 c5 26.Qe2 f4 27.Qd1 Rf7 28.Kf2 Bh4+ 29.Ke2 g5
30.Be1 Bxe1 31.Qxe1 Rg7 32.Qf2 Re6 33.Rh1 h5 34.Rh2 Reg6 35.Rah1 Kf7 36.Kd1 Ke8
37.Qe1 Kd7 38.Qf2 Kc6 39.Kc1 Kb7 40.Kb2 Ka6 41.Qe1 Rb7 42.Qd2 Qf8 43.Ra1 Qg8
44.Rah1 Qg7 45.Qf2 Rb8 46.Qd2 Rg8 47.Qf2 Qf6 48.Qe1 Qf8 49.Qf2 R8g7 50.Qe1 Qe7
51.Qf2 Kb7 52.Qe1 Kc8 53.Qf2 Qe8 54.Qe1 Rb7 55.Kc1 Qd8 56.Kd2 Kb8 57.Ke2 Ka7
58.Qf2 Rbg7 59.Kd1 Qd7 60.Qe1 g4 61.hxg4 hxg4 62.Qh4 gxf3 63.gxf3 Qd6 64.Qh8 c4
65.Rh7 Qe7  0-1

[Event "Aberdeen op"]
[Site "Aberdeen"]
[Date "1994.??.??"]
[Round "2"]
[White "Mah, Karl"]
[Black "Ansell, Simon"]
[Result "0-1"]
[WhiteElo "2145"]
[BlackElo "2280"]

1.e4 c5 2.Nf3 Nc6 3.Bb5 e6 4.Bxc6 bxc6 5.e5 Ne7 6.O-O Ng6 7.Nc3 Be7 8.b3 f6
9.exf6 Bxf6 10.Bb2 O-O 11.Na4 Bxb2 12.Nxb2 e5 13.Nc4 d6 14.d3 Bg4 15.Ncd2 Nh4
16.Re1 Bxf3 17.Nxf3 Rxf3 18.gxf3 Qg5+ 19.Kf1 Qg2+ 20.Ke2 Rf8 21.c3 Nxf3 22.Rh1 Nd4+
23.Kd2 Rxf2+ 24.Kc1 Rc2+ 25.Kb1 Nb5 26.Qxc2 Na3+ 27.Kb2 Nxc2 28.Rag1 Qe2
29.Kb1 Qxd3 30.Rg3 Ne3+ 31.Ka1 Qxc3+ 32.Kb1 Qc2+ 33.Ka1 Nd1  0-1

[Event "Acasusso Valle op"]
[Site "Acasusso"]
[Date "1994.??.??"]
[Round "2"]
[White "Ricardi, Pablo"]
[Black "Sifres, Pablo"]
[Result "1-0"]
[WhiteElo "2470"]
[BlackElo "2155"]

1.e4 c5 2.Nf3 Nc6 3.Bb5 g6 4.O-O Bg7 5.Re1 e5 6.Bxc6 dxc6 7.d3 Ne7 8.a3 a5
9.Be3 b6 10.Nbd2 Ba6 11.Nc4 Bxc4 12.dxc4 O-O 13.b4 axb4 14.axb4 Rxa1 15.Qxa1 f5
16.bxc5 f4 17.Bd2 g5 18.Bc3 g4 19.Nxe5 Bxe5 20.Bxe5 bxc5 21.Rd1 Qe8 22.Bd6 Rf7
23.Qe5 Qd7 24.Rb1 h6 25.Bxe7 Qxe7 26.Rb8+ Kh7 27.Rh8+ Kg6 28.Rg8+  1-0

[Event "Aegina op"]
[Site "Aegina"]
[Date "1994.??.??"]
[Round "9"]
[White "Kuczynski, Robert"]
[Black "Theotokatos, Dionisis"]
[Result "1-0"]
[WhiteElo "2515"]
[BlackElo "2170"]

1.e4 c5 2.Nf3 Nc6 3.Bb5 d6 4.O-O Bd7 5.Re1 Nf6 6.c3 a6 7.Bf1 Bg4 8.h3 Bh5
9.d3 e6 10.Bf4 Be7 11.Nbd2 d5 12.g4 Bg6 13.Nh4 b5 14.Nxg6 hxg6 15.Bg3 c4
16.exd5 exd5 17.dxc4 bxc4 18.Qa4 Qd7 19.Nxc4 dxc4 20.Rad1 Qb7 21.Bg2 Rc8
22.Rd6 O-O 23.Rxc6 Rxc6 24.Qxc6 Qxc6 25.Bxc6 Bc5 26.Bb7 Rd8 27.Re2 Rd3 28.Kg2 Bd6
29.Bxa6 Bxg3 30.Bxc4 Rd1 31.fxg3  1-0

[Event "Alushta4"]
[Site "Alushta"]
[Date "1994.??.??"]
[Round "9"]
[White "Golubev, Mihail"]
[Black "Sveshnikov, Evgeny"]
[Result "1/2-1/2"]
[WhiteElo "2560"]
[BlackElo "2585"]

1.e4 c5 2.Nf3 Nc6 3.Bb5 e6 4.Bxc6 bxc6 5.O-O Ne7 6.d3 Ng6 7.Ng5 e5 8.Qh5 Be7
9.Nc3 d6 10.Ne2 Bxg5  1/2-1/2

[Event "Andorra op"]
[Site "Andorra"]
[Date "1994.??.??"]
[Round "1"]
[White "Prie, Eric"]
[Black "Oms Pallise, Josep"]
[Result "1-0"]
[WhiteElo "2475"]
[BlackElo "2375"]

1.e4 c5 2.Nf3 Nc6 3.Bb5 g6 4.Bxc6 dxc6 5.d3 Bg7 6.Nc3 e5 7.a4 Qe7 8.a5 Nf6
9.Nd2 Be6 10.b3 O-O 11.Bb2 Nd7 12.O-O Nb8 13.Ne2 Na6 14.f4 f6 15.Nf3 Bg4
16.Qe1 Rae8 17.Qc3 Rf7 18.Rae1 Bxf3 19.Rxf3 f5 20.Qc4 fxe4 21.dxe4 Qe6 22.Qxe6 Rxe6
23.f5 Rd6 24.Ng3 Rd2 25.Rf2 Rfd7 26.Bc3 Rxf2 27.Kxf2 Nb4 28.Re2 Bf6 29.Nf1 Kf7
30.Ne3 gxf5 31.Nxf5 Ke6 32.Ne3 Bd8 33.Nc4 Bc7 34.Ke1 Rd8 35.Rd2 Ra8 36.Bxb4 cxb4
37.Rd3 Rg8 38.Kf2 b5 39.axb6 Bxb6+ 40.Nxb6 axb6 41.Rh3 Rg7 42.Rh6+ Kd7 43.h3 Re7
44.g4 b5 45.g5 Kc7 46.h4 Kb6 47.Kf3 Kc5 48.h5 Rc7 49.Kg4 Kd4 50.Rxh7 Rxh7
51.g6 Ra7 52.h6 Kxe4 53.g7 Ra1 54.Kg5 Rg1+ 55.Kf6 Rh1 56.Kg6 Rg1+ 57.Kf7 Rf1+
58.Kg8 Ra1 59.h7  1-0

[Event "Andorra op"]
[Site "Andorra"]
[Date "1994.??.??"]
[Round "9"]
[White "Prie, Eric"]
[Black "Veingold, Aleksandr"]
[Result "1-0"]
[WhiteElo "2475"]
[BlackElo "2430"]

1.e4 c5 2.Nf3 Nc6 3.Bb5 d6 4.Bxc6+ bxc6 5.O-O e5 6.c3 Bg4 7.h3 Bh5 8.d4 Bxf3
9.Qxf3 cxd4 10.cxd4 exd4 11.e5 d5 12.Nd2 a5 13.Re1 c5 14.Nc4 Ra6 15.Nd6+ Bxd6
16.exd6+ Kf8 17.Bf4 Rxd6 18.Bxd6+ Qxd6 19.Qa3 Nf6 20.Rac1 Nd7 21.Qxa5 g6
22.Qd2 Kg7 23.b4 cxb4 24.Qxd4+ Nf6 25.Rc4 Ra8 26.Rxb4 Rxa2 27.Rb7 Rc2 28.Qa7 d4
29.Rxf7+ Kh6 30.Rd1 Re2 31.Qc7 Qxc7 32.Rxc7 Ne4 33.Rf7 Nd2 34.Rd7 Nb3 35.g3 g5
36.Rb1  1-0

[Event "Antwerp op"]
[Site "Antwerp"]
[Date "1994.??.??"]
[Round "6"]
[White "Wells, Peter K"]
[Black "Cherniaev, Alexander"]
[Result "1/2-1/2"]
[WhiteElo "2490"]
[BlackElo "2415"]

1.e4 c5 2.Nf3 Nc6 3.Bb5 e6 4.Bxc6 bxc6 5.b3 f6 6.O-O Ne7 7.Ba3 d6 8.c3 Ng6
9.d4 cxd4 10.cxd4 Be7 11.Nbd2 O-O 12.Rc1 Bb7 13.Nc4 d5 14.Bxe7 Qxe7 15.exd5 cxd5
16.Na5 e5 17.Nxb7 Qxb7 18.Qd2 Rae8 19.Rc3 Nf4 20.Re1 Ng6 21.Rec1 Re7 22.Rc5 Nf4
23.R5c3 Ne2+ 24.Qxe2 exd4 25.Qxe7 Qxe7 26.Rc7 Qa3 27.Nxd4 h5 28.Re1 Rf7 29.Rc8+ Kh7
30.Rc2 Qb4 31.Nf3 g5 32.Rd1 g4 33.Nd4 Re7 34.Kf1 Kg6 35.Ne2 Qb5 36.Rxd5 Qa6  1/2-1/2

[Event "AUT-chT2W 9495"]
[Site "Austria"]
[Date "1994.??.??"]
[Round "?.4"]
[White "Studer, Kurt"]
[Black "Fehr, D."]
[Result "1/2-1/2"]
[WhiteElo "1775"]
[BlackElo "1795"]

1.e4 c5 2.Nf3 Nc6 3.Bb5 d6 4.O-O Bg4 5.Bxc6+ bxc6 6.b3 e5 7.d3 Nf6 8.h3 Bh5
9.c4 Be7 10.Nc3 O-O 11.Kh2 Qd7 12.Rg1 Ne8 13.g4 Bg6 14.Ne2 d5 15.Ng3 Bd6
16.Nf5 Nc7 17.Bb2 Rfe8 18.Qc2 Qd8 19.Rad1 Qf6 20.Rg3 Qd8 21.Bc3 a5 22.h4 Bxf5
23.gxf5 Kh8 24.Rdg1 Rg8 25.h5 d4 26.Bd2 Qd7 27.h6 g6 28.Bg5 Ne8 29.fxg6 fxg6
30.Qe2 Qe6 31.Bh4 Be7 32.Ng5 Bxg5 33.Bxg5 Nf6 34.Qd2 Rgf8 35.Bxf6+ Qxf6 36.Kg2 a4
37.Rh1 axb3 38.axb3 Ra3 39.Rb1 Rfa8 40.Qg5 Qxg5 41.Rxg5 Re8 42.Kg3 Kg8 43.f4 exf4+
44.Kxf4 Rf8+ 45.Kg3 Rb8 46.Rxc5 Rbxb3 47.Rxb3 Rxb3 48.Rxc6 Rxd3+ 49.Kf4 Rd1
50.Ke5 Kf7 51.Rc7+ Ke8 52.Ke6 Kd8 53.Rxh7 d3 54.Rd7+ Ke8 55.h7 Rh1 56.c5 g5
57.c6 Rh6+ 58.Kf5 d2 59.Kxg5 d1=Q 60.Rxd1 Rxh7 61.e5 Rc7 62.Rd6 Ke7 63.Kf5 Ra7
64.Rh6 Ra5 65.Rh7+ Kd8 66.Ke6 Ra1 67.Rd7+ Kc8 68.Ke7 Rc1 69.Rd6 Kc7 70.Rf6 Rc5
71.Re6 Rc1 72.Rd6 Rh1 73.Ke6 Re1 74.Kf6 Rf1+ 75.Ke7 Rh1 76.Rf6 Rh7+ 77.Ke8 Rh8+
78.Ke7 Rh7+ 79.Rf7 Rh1 80.Rf6  1/2-1/2

[Event "AUT-ch"]
[Site "Austria"]
[Date "1994.??.??"]
[Round "9"]
[White "Neulinger, Manfred"]
[Black "Sommerbauer, Norbert"]
[Result "0-1"]
[WhiteElo "2260"]
[BlackElo "2365"]

1.e4 c5 2.Nf3 Nc6 3.Bb5 e6 4.O-O Nge7 5.Re1 a6 6.Bf1 g6 7.c3 Bg7 8.d4 cxd4
9.cxd4 d5 10.e5 O-O 11.Nc3 b5 12.Bf4 Nf5 13.Qd2 Qb6 14.Rad1 f6 15.g4 Nfe7
16.Bg2 Bd7 17.Bh6 Rae8 18.h4 fxe5 19.Bxg7 Kxg7 20.Nxe5 Nxe5 21.Rxe5 Rf7 22.h5 Ref8
23.h6+ Kg8 24.Qg5 b4 25.Ne2 Nc6 26.Rxd5 exd5 27.Bxd5 Kh8 28.Bxf7 Rxf7 29.Rd3 Qd8
30.Qd5 Qf6 31.f3 Bxg4 32.Re3 Bxf3 33.Re8+ Rf8 34.Qe6 Qxe6 35.Rxf8+ Qg8 36.Rxf3 Ne7  0-1

[Event "AUT-chT"]
[Site "?"]
[Date "1994.??.??"]
[Round "?"]
[White "Watzka, Horst"]
[Black "Loebler, Heimo"]
[Result "1-0"]
[WhiteElo "2320"]
[BlackElo "2290"]

1.e4 c5 2.Nf3 Nc6 3.Bb5 g6 4.Bxc6 dxc6 5.d3 Bg7 6.O-O Bg4 7.Nbd2 Nf6 8.h3 Bxf3
9.Qxf3 O-O 10.a4 a5 11.Qe2 e5 12.Nc4 Nh5 13.g3 Qc7 14.Bd2 b6 15.Kg2 Rae8
16.Rae1 Re7 17.b3 Rfe8 18.Qg4 Nf6 19.Qd1 h5 20.f4 exf4 21.Bxf4 Qd8 22.Bg5 Re6
23.Qd2 Qc7 24.Qf4 Qxf4 25.Bxf4 Nd7 26.Bc7 b5 27.Nd6 R8e7 28.Bd8 Be5 29.Nb7 Re8
30.Bxa5 Bf6 31.Bd2 Rb8 32.Na5 Bd8 33.Ra1 f5 34.exf5 Re2+ 35.Rf2 Rxd2 36.Rxd2 Bxa5
37.Re2 Bc3 38.Rf1 g5 39.Re6 bxa4 40.bxa4 Ne5 41.d4 Bxd4 42.Re1 Rb2 43.R6xe5 Bxe5
44.Rxe5 Rxc2+ 45.Kf3 Kf7 46.Re2 g4+ 47.hxg4 hxg4+ 48.Ke3 Rc4 49.Ra2 Kf6 50.a5 Kxf5
51.a6 Re4+ 52.Kd3 Re8 53.Kc4  1-0

[Event "AUT-chT"]
[Site "?"]
[Date "1994.??.??"]
[Round "?"]
[White "Mahdi, Khaled"]
[Black "Pils, Walter"]
[Result "1/2-1/2"]
[WhiteElo "2420"]
[BlackElo "2360"]

1.e4 c5 2.Nf3 Nc6 3.Bb5 g6 4.O-O Bg7 5.Bxc6 dxc6 6.d3 Nf6 7.a4 a5 8.Re1 Qc7
9.h3 b6 10.c3 e5 11.Qc2 O-O 12.Be3 Ba6 13.d4 exd4 14.cxd4 cxd4 15.Bxd4 c5
16.Be5 Qc6 17.Nc3 Bb7 18.Rad1 Rad8 19.Rxd8 Rxd8 20.Rd1 Re8 21.Re1 Qe6 22.Bf4 h6
23.Qe2 Qb3 24.Qb5 Qxb5 25.axb5 Rc8  1/2-1/2

[Event "AUT-chT"]
[Site "?"]
[Date "1994.??.??"]
[Round "?"]
[White "Jansa, Vlastimil"]
[Black "Fogarasi, Tibor"]
[Result "1/2-1/2"]
[WhiteElo "2500"]
[BlackElo "2440"]

1.e4 c5 2.Nf3 Nc6 3.Bb5 Qb6 4.Nc3 e6 5.O-O Nge7 6.d3 Nd4 7.a4 Nec6 8.Nxd4 Nxd4
9.Bf4 Be7 10.Qg4 O-O 11.Bh6 Bf6 12.Rae1 d6 13.f4 Kh8 14.e5 gxh6 15.exf6 Rg8
16.Qh5 a6 17.Bc4 d5 18.Qxf7 dxc4 19.dxc4 Qc6 20.Rf2 Bd7 21.Qh5 Raf8 22.Ne4 Nf5
23.Kf1 Be8 24.Qe2 Nd4 25.Qe3 Bg6 26.c3 Qxe4 27.Qxe4 Bxe4 28.Rxe4 Nc6 29.Rxe6 Rg6
30.g3 Rgxf6 31.Rfe2 Kg7 32.R6e4 Rd8 33.Kf2 Rfd6 34.Kf3 Kf6 35.Kg4 Rd2 36.Kh5 Rxe2
37.Rxe2 Kg7 38.g4 Rd7 39.h4 Re7 40.Rd2 Na5 41.Rd5 Nxc4 42.g5 hxg5 43.hxg5 Nb6
44.Rd6 Nc4 45.Rd5 Nxb2 46.f5 Rc7 47.f6+ Kf7 48.Kh6 Nc4 49.Rd8 Ke6 50.Rh8 Nd6
51.Rxh7 Nf5+ 52.Kg6 Rxh7 53.Kxh7 b5 54.axb5 axb5 55.Kg8 Nd6 56.Kh7 Ne8 57.Kg6 Nd6  1/2-1/2

[Event "AUT-chT2S 9394"]
[Site "AUT"]
[Date "1994.??.??"]
[Round "?"]
[White "Baumegger, Siegfried"]
[Black "Steflitsch, Erich"]
[Result "1-0"]
[WhiteElo "2260"]
[BlackElo "2290"]

1.e4 c5 2.Nf3 Nc6 3.Bb5 g6 4.O-O Bg7 5.Bxc6 dxc6 6.d3 Nf6 7.Nbd2 O-O 8.a4 a5
9.Nc4 Nd7 10.Bd2 b6 11.e5 Re8 12.e6 fxe6 13.Re1 e5 14.Ng5 Nf8 15.Qf3 h6 16.Qf7+ Kh8
17.Nxe5 hxg5 18.Bc3  1-0

[Event "Bad Ragaz op"]
[Site "Bad Ragaz"]
[Date "1994.??.??"]
[Round "2"]
[White "Glek, Igor V"]
[Black "Richter, M."]
[Result "1-0"]
[WhiteElo "2590"]
[BlackElo "2225"]

1.e4 c5 2.Nf3 Nc6 3.Bb5 e6 4.O-O Nge7 5.Re1 a6 6.Bxc6 Nxc6 7.d4 cxd4 8.Nxd4 Be7
9.Nxc6 bxc6 10.Qg4 Kf8 11.e5 d6 12.exd6 Bxd6 13.Nd2 e5 14.Qh5 Be6 15.Ne4 Bc7
16.Ng5 Qe7 17.b3 f6 18.Ba3 Bd6 19.Bxd6 Qxd6 20.Rad1 Qe7 21.Nxe6+ Qxe6 22.f4 e4
23.Qc5+  1-0

[Event "Badenweiler op"]
[Site "Badenweiler"]
[Date "1994.??.??"]
[Round "6"]
[White "Fietz, Harald"]
[Black "Thiel, Thomas"]
[Result "1-0"]
[WhiteElo "2240"]
[BlackElo "2295"]

1.e4 c5 2.Nf3 Nc6 3.Bb5 Nf6 4.Nc3 e5 5.O-O d6 6.h3 Be7 7.Re1 O-O 8.Nd5 Nxd5
9.exd5 Nb8 10.c3 f5 11.d3 Kh8 12.a3 g5 13.Nh2 Nd7 14.Bxd7 Bxd7 15.b4 b6 16.Qe2 Bf6
17.Bd2 Qe8 18.Nf1 Qf7 19.c4 h5 20.bxc5 bxc5 21.Rab1 Rab8 22.Ba5 Rxb1 23.Rxb1 Bc8
24.Qb2 f4 25.Qb8 f3 26.g3 Qd7 27.Qc7 Qxh3 28.Ne3 h4 29.Qxd6 Bg7 30.g4 Rf4
31.Qd8+ Kh7 32.Qxc8 e4 33.dxe4  1-0

[Event "Badenweiler op"]
[Site "Badenweiler"]
[Date "1994.??.??"]
[Round "9"]
[White "Mueller, Christian"]
[Black "Kiefhaber, Holger"]
[Result "1/2-1/2"]
[WhiteElo "2085"]
[BlackElo "2305"]

1.e4 c5 2.Nf3 Nc6 3.Bb5 e6 4.Bxc6 bxc6 5.d3 d5 6.c4 Nf6 7.Nc3 Be7 8.O-O O-O
9.Qe2 Bb7 10.Re1 Qc7 11.e5 Nd7 12.Bg5 Rae8 13.Bxe7 Rxe7 14.Rac1 Ba6 15.Na4 f6
16.Rc2 Rb8 17.b3 d4 18.Qe4 Bc8 19.Rce2 f5 20.Qh4 Re8 21.Qh5 Re7 22.Qh4 Re8
23.Qh5 Re7 24.h3 Qa5 25.g4 Nf8 26.gxf5 exf5 27.e6 Bxe6 28.Ng5 Rbe8 29.Qf3 h6
30.Nxe6 Rxe6 31.Rxe6 Rxe6 32.Rxe6 Nxe6 33.Qxf5 Qe1+ 34.Kg2 Qe2 35.Kg3 Qe1
36.Kg2 Qe2 37.Kg3 Qe1  1/2-1/2

[Event "EUCup Gr"]
[Site "Baile Herculane"]
[Date "1994.??.??"]
[Round "1"]
[White "Hegedus, Iuliu"]
[Black "Lanka, Zigurds"]
[Result "0-1"]
[WhiteElo "2320"]
[BlackElo "2535"]

1.e4 c5 2.Nf3 Nc6 3.Bb5 g6 4.O-O Bg7 5.c3 Nf6 6.Re1 O-O 7.d4 cxd4 8.cxd4 d5
9.e5 Ne4 10.Ng5 Qb6 11.Bxc6 bxc6 12.Nxe4 dxe4 13.Qc2 Qxd4 14.Qxe4 Qxe4 15.Rxe4 Bf5
16.Re1 a5 17.Bd2 Rfd8 18.Bc3 a4 19.Nd2 a3 20.Nc4 axb2 21.Nxb2 Rdb8 22.Nc4 Be6
23.Na5 Bd5 24.Reb1 g5 25.f3 h5 26.a4 Rxb1+ 27.Rxb1 Bf8 28.Kf2 Kh7 29.g4 hxg4
30.fxg4 Kg6 31.Kg3 e6 32.h3 Bg7 33.Rb6 Ra7 34.Rb8 Rxa5  0-1

[Event "EUCup Gr"]
[Site "Baile Herculane"]
[Date "1994.??.??"]
[Round "2"]
[White "Tseitlin, Mark D"]
[Black "Kiroski, Toni"]
[Result "1-0"]
[WhiteElo "2470"]
[BlackElo "2245"]

1.e4 c5 2.Nf3 Nc6 3.Bb5 g6 4.Bxc6 dxc6 5.h3 Bg7 6.d3 e5 7.Be3 Qe7 8.a4 a5
9.Na3 b6 10.Nc4 Rb8 11.Qd2 Ba6 12.Nxb6 Rxb6 13.Qxa5 Qb7 14.b3 Bxd3 15.cxd3 Rxb3
16.Nd2 Rxd3 17.Rb1 Qc8 18.Nc4 Nf6 19.Bxc5 Nxe4 20.O-O Rd5 21.Qa7 Rxc5 22.Rb8 Qxb8
23.Qxb8+ Kd7 24.Rd1+ Ke6 25.Qb3 Ke7 26.Qb7+ Kf6 27.Nd6 Nxd6 28.Rxd6+ Kg5  1-0

[Event "EUCup Gr"]
[Site "Baile Herculane"]
[Date "1994.??.??"]
[Round "2"]
[White "Leventic, Ivan"]
[Black "Lanka, Zigurds"]
[Result "0-1"]
[WhiteElo "2415"]
[BlackElo "2535"]

1.e4 c5 2.Nf3 Nc6 3.Bb5 g6 4.O-O Bg7 5.c3 Nf6 6.e5 Nd5 7.d4 cxd4 8.cxd4 O-O
9.Nc3 Nc7 10.Bg5 h6 11.Bh4 g5 12.Bg3 Nxb5 13.Nxb5 a6 14.Nc3 d6 15.Re1 Bg4
16.h3 Bh5 17.Nd5 e6 18.Nc3 d5 19.Qd2 Bxf3 20.gxf3 f6 21.f4 gxf4 22.Bh4 Qd7
23.exf6 Bxf6 24.Bxf6 Rxf6 25.Kh2 Kh8 26.Rg1 Rg8 27.Rxg8+ Kxg8 28.Rg1+ Kh8
29.Ne2 Qd6 30.f3 Qb4 31.Qc2 Qe7 32.Qd2 Qb4 33.Qc2 Qf8 34.Qd2 h5 35.a3 Qf7
36.Qc2 Rf5 37.Qb3 Kh7 38.Rg2 Kh6 39.Qc3 Qf6 40.Qd2 a5 41.Qc3 a4 42.Qc2 Ne7
43.Qxa4 Ng6 44.Ng1 Nh4 45.Rg8 Rg5 46.Qe8 Rxg8 47.Qxg8 Qxd4 48.Qf8+ Kg5 49.Qe7+ Qf6
50.Qxb7 Nf5 51.Qb8 Ne3 52.Ne2 e5 53.Nc3 Qg7 54.Ne2 d4 55.h4+ Kxh4 56.Qd8+ Qg5
57.Qxg5+ Kxg5 58.a4 Nd5 59.Nc1 Kf5 60.Nb3 d3 61.Kg2 e4 62.fxe4+ Kxe4 63.Kf2 h4
64.Nd2+ Kf5 65.a5 Nb4 66.Kf3 h3 67.Nf1 Ke5 68.Kf2 Ke4 69.Nd2+ Kd4 70.Nf1 Kc4
71.Kg1 Kd4 72.Kf2 Na6 73.Nd2 Nc5 74.b4 Ne4+ 75.Nxe4 h2  0-1

[Event "Baile Herculane (Women)"]
[Site "Baile Herculane"]
[Date "1994.??.??"]
[Round "5"]
[White "Mereacre, Natasa"]
[Black "Andreescu, Nicoleta Aurora"]
[Result "1-0"]
[WhiteElo "2115"]
[BlackElo "2085"]

1.e4 c5 2.Nf3 Nc6 3.Bb5 g6 4.Bxc6 bxc6 5.O-O Bg7 6.Re1 e5 7.c3 Ne7 8.d4 exd4
9.cxd4 cxd4 10.Nxd4 O-O 11.Nc3 d5 12.exd5 Nxd5 13.Nxc6 Nxc3 14.Qxd8 Rxd8
15.Nxd8 Bd7 16.Nb7 Na4 17.Re7 Bc6 18.Bf4 Bxb2 19.Rae1 Nc3 20.Be5 Nd5 21.Bxb2 Nxe7
22.Na5 Rb8 23.Bf6 Bd5 24.Bxe7 Bxa2 25.Nc6 Rb1 26.Rxb1 Bxb1 27.Nxa7 f5 28.Nc6 h6
29.f4 Kf7 30.Bh4 Ke6 31.Nd8+ Kd5 32.Nf7 Ba2 33.Nh8 Ke4 34.Nxg6 Bf7 35.Ne5 Bb3
36.g3 Ke3 37.Kg2 Bd5+ 38.Kh3 Bb3 39.Be7 Kf2 40.Bc5+ Kf1 41.Nf3 Bd5 42.Nd4 Be4
43.Kh4 Kg2 44.h3 Kh2 45.g4  1-0

[Event "Baile Herculane (Women)"]
[Site "Baile Herculane"]
[Date "1994.??.??"]
[Round "6"]
[White "Susterman, Anja"]
[Black "Teodorescu, Margareta"]
[Result "1-0"]
[WhiteElo "2215"]
[BlackElo "2095"]

1.e4 c5 2.Nf3 Nc6 3.Bb5 Nd4 4.Nxd4 cxd4 5.O-O a6 6.Bd3 d6 7.b3 g6 8.Bb2 Bg7
9.f4 e5 10.c3 Ne7 11.cxd4 exd4 12.Na3 O-O 13.Nc2 Nc6 14.Ba3 Re8 15.Qf3 Qf6
16.Rac1 Bd7 17.Bb2 Rac8 18.Qf2 h5 19.Qg3 Qe7 20.Ba3 Qf6 21.Rce1 Bf8 22.Bb2 h4
23.Qf3 Bg7 24.Bc4 Be6 25.Bd5 Qd8 26.Bxc6 Rxc6 27.Nxd4 Qb6 28.Qf2 Rcc8 29.f5 gxf5
30.exf5 Bxf5 31.Nxf5 Qxf2+ 32.Kxf2 Bxb2 33.Ne7+ Kf8 34.Nxc8 Rxc8 35.Re4 Rc2
36.Ke3 Be5 37.Rxh4 Rxa2 38.Rh3 Rb2 39.Ke2 Rc2 40.Rhf3 Rc7 41.h4 Kg7 42.Rf5 f6
43.g4 Kg6 44.Ke3 Rd7 45.Kd3 Bb2 46.g5 fxg5 47.Rxg5+ Kh6 48.Rff5 Kh7 49.Rh5+ Kg7
50.Rfg5+ Kf8 51.Rg6 Be5 52.Rf5+ Ke8 53.Kc4  1-0

[Event "Baile Herculane (Women)"]
[Site "Baile Herculane"]
[Date "1994.??.??"]
[Round "10"]
[White "Duminica, Mariana"]
[Black "Uskova, Fliura"]
[Result "1-0"]
[WhiteElo "2100"]
[BlackElo "2255"]

1.e4 c5 2.Nf3 Nc6 3.Bb5 g6 4.O-O Bg7 5.c3 e5 6.d4 cxd4 7.cxd4 Nxd4 8.Nxd4 exd4
9.e5 Qb6 10.Na3 Kf8 11.Bf4 Ne7 12.Qf3 h6 13.Bc4 Qc6 14.Qb3 g5 15.Bd2 Bxe5
16.Bxf7 b5 17.Bh5 Qd5 18.f4  1-0

[Event "Oberliga Bayern9394"]
[Site "Bayern"]
[Date "1994.??.??"]
[Round "?"]
[White "Velicka, Petr"]
[Black "Palek, Miroslav"]
[Result "1-0"]
[WhiteElo "2420"]
[BlackElo "2250"]

1.e4 c5 2.Nf3 Nc6 3.Bb5 d6 4.Bxc6+ bxc6 5.O-O e5 6.c3 Ba6 7.Re1 Bd3 8.Re3 c4
9.Qa4 Be7 10.Na3 Nf6 11.Ne1 O-O 12.Nxd3 cxd3 13.Rxd3 d5 14.exd5 cxd5 15.Rh3 d4
16.cxd4 exd4 17.d3 Bc5 18.Nc4 Qd5 19.Bd2 Rfe8 20.Rg3 Nd7 21.Qd1 Rab8 22.a3 f5
23.b4 Bf8 24.Qf3 Qe6 25.h4 Nf6 26.Re1 Qd5 27.Qxd5+ Nxd5 28.Rxe8 Rxe8 29.Rf3 g6
30.h5 Re6 31.hxg6 hxg6 32.Kf1 Be7 33.Rh3 a6 34.g3 Bf8 35.Rh1 Nc3 36.Kg2 Nb5
37.Rc1 Rc6 38.Kf3 Bg7 39.Re1 Kf7 40.Bg5 Re6 41.Rxe6 Kxe6 42.Ke2 Bf8 43.Kd1 Nc3+
44.Kc2 Nd5 45.Kb3 Nc3 46.Bd2 Bg7 47.Bxc3 dxc3 48.Ne3 g5 49.Nd1 Bd4 50.f4 g4
51.Nxc3 Bf2 52.Ne2 Kd5 53.Ka4 Bb6 54.b5 a5 55.Kb3 Kc5 56.a4 Kd5 57.Kc3 Ba7
58.Kd2 Kc5 59.Nc3 Kd4 60.Nd1 Kd5 61.Ne3+  1-0